| 000 | 01174cam a22003251 4500 | ||
|---|---|---|---|
| 001 | 20566 | ||
| 003 | BD-RjUL | ||
| 005 | 20211209000601.0 | ||
| 008 | 140301r19661949nyuac b 001 1 eng | ||
| 035 | _a(BD-RjUL)20628 | ||
| 035 | _a(OCoLC)884124 | ||
| 040 |
_aDLC _cPPT _dBD-RjUL _beng |
||
| 041 | _aeng | ||
| 082 | 0 | 0 |
_a823.609 _bFOH 1966 |
| 100 | 1 |
_aFoster, James Ralph, _d1890- _963456 |
|
| 245 | 1 | 0 |
_aHistory of the pre-romantic novel in England / _cJames Ralph Foster. |
| 260 |
_aNew York : _bModern Language Assn. of America, _cc1949 [Reprinted 1966]. |
||
| 300 |
_axi, 294 p. : _billus., ports. ; _c25 cm. |
||
| 410 | 2 | 0 |
_aModern Language Association of America. _tMonograph series, _v17 |
| 504 | _a"Selected bibliography": p. 277-282. | ||
| 504 | _aIncludes index. | ||
| 650 | 0 |
_aEnglish fiction _y18th century _xHistory and criticism. _955394 |
|
| 650 | 0 |
_aFrench fiction _xHistory and criticism. _963457 |
|
| 650 | 0 |
_aComparative literature _xEnglish and French. _955753 |
|
| 650 | 0 |
_aComparative literature _xFrench and English. _955752 |
|
| 740 | 4 | _aThe pre-romantic novel in England. | |
| 942 |
_2ddc _cBK |
||
| 999 |
_c20566 _d20566 |
||